ბათუმის შოთა რუსთაველის სახელმწიფო უნივერსიტეტის ბიბლიოთეკა

ზოგადი ფიზიკა : ოპტიკა : (ბიბ.ჩანაწერი № 53152)

000 -ლიდერი
ფიქსირებული სიგრძის საკონტროლო ველი 00911nam a2200229Ia 4500
001 - საკონტროლო ნომერი
საკონტროლო ველი 20191
003 - საკონტროლო ნომრის იდენტიფიკატორი
საკონტროლო ველი GE_BSU
005 - ბოლო ოპერაციის თარიღი და დრო
საკონტროლო ველი 20250716114431.0
008 - ფიქსირებული სიგრძის მონაცემთა ელემენტები - ზოგადი ინფორმაცია
ფიქსირებული სიგრძის საკონტროლო ველი 181216s1979||||ge |||||||||||||| ||geo||
040 ## - კატალოგიზაციის წყარო
Transcribing agency GE_BSU
041 ## - ენის კოდი
Language code of text/sound track or separate title geo
080 ## - უნივერსალური ათობითი კლასიფიკაციის ინდექსი
Universal Decimal Classification number 53(042.4)+535(042.4) ღ–80
100 ## - მთავარი ჩანაწერი - პიროვნების სახელი
Personal name ღონღაძე, დ.
9 (RLIN) 25658
245 ## - ცნობა სათაურის შესახებ
Title ზოგადი ფიზიკა : ოპტიკა :
Remainder of title ლექციების კურსი /
Statement of responsibility, etc დ.ღონღაძე, გ. კურკუმული ; რედ. : ა. ჩიკოიძე.
264 ## - წარმოების, გამოცემის, დისტრიბუციის და სხვა ცნობები
გამოცემის, წარმოების, დისტრიბუციის... ადგილი თბილისი :
გამოცემის, წარმოების, დისტრიბუციის... სახელწოდება თბილისის უნ-ტის გამ-ბა,
გამოცემის, წარმოების, დისტრიბუციის... თარიღი 1979.
300 ## - ფიზიკური აღწერა
Extent 134 გვ. ;
Dimensions 21 სმ.
653 ## - INDEX TERM--UNCONTROLLED
Uncontrolled term ზოგადი ფიზიკა
653 ## - INDEX TERM--UNCONTROLLED
Uncontrolled term ოპტიკა
700 ## - ADDED ENTRY--PERSONAL NAME
Personal name ჩიკოიძე, ა.
Relator term რედაქტორი
9 (RLIN) 25659
942 ## - ADDED ENTRY ELEMENTS (KOHA)
Koha item type წიგნი
Source of classification or shelving scheme
ეგზემპლარები
ჩამოწერის სტატუსი დაკარგული ეგზემპლარის სტატუსი კლასიფიკაციის წყარო ან თაროზე გაწყობის სქემა დაზიანების სტატუსი არ გაიცემა მუდმივი მდებარეობა (დაცვის ადგილი) ამჟამინდელი ადგილსამყოფელი თაროზე განთავსების ადგილი შეძენის თარიღი ღირებულება, შესყიდვის ნორმალური ფასი სრული შენახვის შიფრი შტრიხკოდი ბოლო ოპერაციის თარიღი ეგზემპლარის მიმდევრობითი ნომერი (კეტერი?) ფასის ძალაში შესვლის თარიღი ეგზემპლარის სახეობა საჯარო შენიშვნა
          ბათუმის შოთა რუსთაველის სახელმწიფო უნივერსიტეტის მთავარი ბიბლიოთეკა ბათუმის შოთა რუსთაველის სახელმწიფო უნივერსიტეტის მთავარი ბიბლიოთეკა წიგნსაცავი 2018-12-17 3.00 53(042.4)+535(042.4) ღ–80 27954 2018-12-17 27954 2018-12-17 წიგნი 3.00₾.